[Event "IECC O email"]
[Site "IECC email"]
[Date "1998.10.31"]
[Round "?"]
[White "Susskind, Gladys"]
[Black "Johnson, Bernard S"]
[Result "1-0"]
[WhiteElo "1500"]
[BlackElo "1472"]
[PlyCount "51"]
[EventDate "1998.??.??"]
[EventType "tourn (corr)"]
[EventRounds "6"]
[SourceTitle "Corr 2008"]
[Source "ChessBase"]
[SourceDate "2008.06.24"]
[SourceVersion "1"]
[SourceVersionDate "2008.06.24"]
[SourceQuality "1"]

1. e4 c6 2. f4 d5 3. Nc3 dxe4 4. Nxe4 Bf5 5. Ng3 e6 6. Nxf5 exf5 7. d4 Nf6 8. Nf3 Bd6 9. Bd3 Qe7+ 10. Qe2 Qxe2+ 11. Kxe2 0-0 12. Bxf5 Re8+ 13. Kf2 Ne4+ 14. Bxe4 Rxe4 15. Bd2 Bxf4 16. Rae1 Rxe1 17. Rxe1 Bd6 18. Re8+ Bf8 19. Bf4 h6 20. Bd6 Kh7 21. Rxf8 Kg6 22. Ne5+ Kf5 23. Nxf7 Ke4 24. Bxb8 b6 25. Bd6 Rxf8 26. Bxf8 1-0